|
|
|
|
| LEADER |
00000cam a2200000 a 4500 |
| 001 |
vtls008391449 |
| 003 |
SK-MaSNL |
| 005 |
20260301060608.0 |
| 008 |
250312s1954 xo g 000 j slo |
| 015 |
|
|
|a SNBA19451955-009451
|
| 020 |
|
|
|q (viazané)
|
| 035 |
|
|
|a SK01SNKBKSFS20010083666
|
| 035 |
|
|
|a urn:nbn:sk:snk-am3i56l
|
| 035 |
|
|
|a 2774E40B-3B90-4E23-A3C1-5E6003AC1879
|
| 035 |
|
|
|a urn:nbn:sk:snk-am00dkh6
|
| 035 |
|
|
|a SKM000086129
|
| 040 |
|
|
|a SNK
|b slo
|c SNK
|e AACR2
|
| 041 |
1 |
|
|a slo
|h rus
|
| 044 |
|
|
|a xo
|c SK
|
| 072 |
|
7 |
|a 821.161.1
|x Ruská literatúra
|2 konspekt
|
| 080 |
|
|
|a 882-3
|2 1981
|
| 080 |
|
|
|a 821.161.1-32
|2 2011
|
| 080 |
|
|
|a 06
|x Organizácie všeobecnej povahy
|2 konspekt
|
| 100 |
1 |
|
|a Polonskaja, Jelizaveta Grigor'jevna,
|d 1890-1969
|4 aut
|9 372121
|
| 240 |
1 |
0 |
|a Na svoich plečach
|l Slovensky
|
| 245 |
1 |
0 |
|a Na svojich pleciach
|b poviedky
|c Jelizaveta Polonská ; [z ruského originálu Na svoich plečach ... preložil Ján Pietrzyk]
|
| 260 |
|
|
|a Martin
|b Československý červený kríž
|c 1954
|
| 300 |
|
|
|a 120 strán
|c 21 cm
|
| 366 |
|
|
|e 5000 kusov
|
| 490 |
1 |
|
|a Edícia Československého Červeného kríža
|v zv. 1
|
| 610 |
2 |
7 |
|a Medzinárodné hnutie Červeného kríža a Červeného polmesiaca
|2 SNKKA
|9 36694
|
| 655 |
|
7 |
|a ruské poviedky
|2 SNKPH
|9 84555
|
| 700 |
1 |
|
|a Pietrzyk, Ján
|4 trl
|9 270478
|
| 700 |
1 |
|
|a Barčík, Andrej,
|d 1928-2004
|4 bjd
|9 36893
|
| 700 |
1 |
|
|a Oktavec, František,
|d 1917-2009
|4 pbd
|9 37378
|
| 830 |
|
0 |
|a Edícia Československého Červeného kríža
|9 372122
|
| 852 |
|
|
|a Slovenská národná knižnica
|
| 954 |
|
|
|a beletria cudzojazyčná (svetová)
|2 lita
|
| 958 |
|
|
|a RK
|
| 958 |
|
|
|a TL
|
| 958 |
|
|
|a LX
|
| 958 |
|
|
|a UP
|
| 958 |
|
|
|a RU
|
| 958 |
|
|
|a OND
|
| 999 |
|
|
|c 615917
|d 617847
|
| 952 |
|
|
|a SNK
|b SNK
|y PREZ
|7 0
|p 17A0775736
|o snkSC 5324/1
|i snk49/55
|0 0
|1 0
|4 0
|d 2019-03-20
|f 1
|l 0
|r 2025-07-04 00:00:00
|w 2026-02-23
|